000 00527 a2200181 4500
005 20260214110830.0
008 260212b |||||||| |||| 00| 0 eng d
020 _a9789389801408
_cRs. 1495.00
040 _aMAIN
082 _a294.5563
_bR13A
100 _aRai, Lajpat
245 _a Arya samaj: An account of its origin, doctrines, and Activities, with a biographical sketch of the founder
260 _bWave Books
_c2022
_aNew Delhi
300 _axxvi, 305
650 _aReligion
650 _aArya Samaj
942 _cBK
999 _c394303
_d394303